Score 0/5 Timer 03:00
0 Plays Today
Key % Correct
Largo
86.9%
West
86.4%
Marathon
74.2%
Islamorada
64%
Big Pine Key and the Lower Keys
44%
Remove Ads.
Support Sporcle.
Get the best of Sporcle when you Go Orange. This ad-free experience offers more features, more stats, and more fun while also helping to support Sporcle. Thank you for becoming a member.

You're not logged in!

Compare scores with friends on all Sporcle quizzes.
OR
Log In

Show Comments

Extras

Created Sep 29, 2009SourceReportNominate
Tags:florida, Key

Top Quizzes Today


Score Distribution

Your Account Isn't Verified!

In order to create a playlist on Sporcle, you need to verify the email address you used during registration. Go to your Sporcle Settings to finish the process.

Report this User

Report this user for behavior that violates our Community Guidelines.

Details: